[Event "26th Abu Dhabi Masters"]
[Site "Abu Dhabi UAE"]
[Date "2019.08.03"]
[Round "2.2"]
[White "Maghsoodloo, Parham"]
[Black "Sindarov, Javokhir"]
[Result "1-0"]
[WhiteTitle "GM"]
[BlackTitle "GM"]
[WhiteElo "2656"]
[BlackElo "2507"]
[WhiteFideId "12539929"]
[BlackFideId "14205483"]
[EventDate "2019.08.02"]

1. d4 Nf6 2. Nf3 g6 3. Bg5 Bg7 4. Nbd2 d5 5. e3 O-O 6. Be2 c5 7. c3 Qb6 8. Qb3
Nc6 9. O-O Bf5 10. h3 h6 11. Bh4 g5 12. Bg3 c4 13. Qa3 Qa5 14. Qxa5 Nxa5 15. Ne5
Rac8 16. f4 e6 17. fxg5 hxg5 18. h4 g4 19. Rxf5 exf5 20. Rf1 Nh5 21. Kh2 Nc6 22.
Nxc6 bxc6 23. Bd6 Rfd8 24. Ba3 Bh6 25. Rxf5 Ng7 26. Rf6 g3+ 27. Kxg3 Bxe3 28.
Nf1 Bc1 29. Bg4 Re8 30. Kh2 Rb8 31. Rxc6 Rb6 32. Rxb6 axb6 33. Bf3 Nf5 34. Bxd5
b5 35. Kh3 Re1 36. Ng3 Ne3 37. Bf3 Nc2 38. Bc5 Bxb2 39. Ne4 b4 40. d5 Bxc3 41.
Nxc3 bxc3 42. d6 Rb1 43. d7 Rb8 44. Be7 Ne3 45. Bg5 Nf5 46. d8=Q+ Rxd8 47. Bxd8
c2 48. Bg5 Nd4 49. a4 c3 50. Be4 f6 51. Be3 1-0

[Event "26th Abu Dhabi Masters"]
[Site "Abu Dhabi UAE"]
[Date "2019.08.03"]
[Round "2.3"]
[White "Vasquez Schroeder, Rodrigo"]
[Black "Akopian, Vladimir"]
[Result "1/2-1/2"]
[WhiteTitle "GM"]
[BlackTitle "GM"]
[WhiteElo "2496"]
[BlackElo "2650"]
[WhiteFideId "3400042"]
[BlackFideId "13300032"]
[EventDate "2019.08.02"]

1. e4 c5 2. Nf3 e6 3. d4 cxd4 4. Nxd4 a6 5. Bd3 Nf6 6. O-O Qc7 7. Qe2 d6 8. f4
g6 9. Nc3 Bg7 10. e5 dxe5 11. Ndb5 axb5 12. Nxb5 Qe7 13. fxe5 O-O 14. exf6 Bxf6
15. c3 Bd7 16. Be3 1/2-1/2

[Event "26th Abu Dhabi Masters"]
[Site "Abu Dhabi UAE"]
[Date "2019.08.03"]
[Round "2.5"]
[White "Socko, Bartosz"]
[Black "Tahbaz, Arash"]
[Result "1-0"]
[WhiteTitle "GM"]
[BlackTitle "IM"]
[WhiteElo "2625"]
[BlackElo "2482"]
[WhiteFideId "1107038"]
[BlackFideId "12528846"]
[EventDate "2019.08.02"]

1. d4 Nf6 2. c4 e6 3. Nf3 b6 4. g3 Ba6 5. b3 Bb4+ 6. Bd2 Be7 7. Bg2 c6 8. O-O
O-O 9. Bg5 d5 10. Nbd2 Nbd7 11. Re1 Bb7 12. Qc2 c5 13. Rad1 h6 14. Bxf6 Nxf6 15.
Qb2 Qc7 16. Rc1 Rac8 17. cxd5 exd5 18. Ne5 Bd6 19. Nd3 Qe7 20. dxc5 bxc5 21. Qb1
Rfe8 22. e3 Rc7 23. Nf4 Rec8 24. Qf5 Rd8 25. Red1 d4 26. Bxb7 dxe3 27. Nd5 Nxd5
28. Bxd5 exd2 29. Rxd2 Rf8 30. Rcd1 Qe5 31. Qf3 Be7 32. Bc4 Bf6 33. Rd7 a5 34.
Kg2 Kh8 35. h4 Kg8 36. a4 Rxd7 37. Rxd7 Qe8 38. Ra7 Qd8 39. h5 Qd2 40. Qf5 1-0

[Event "26th Abu Dhabi Masters"]
[Site "Abu Dhabi UAE"]
[Date "2019.08.03"]
[Round "2.6"]
[White "Venkatesh, M.R."]
[Black "Indjic, Aleksandar"]
[Result "0-1"]
[WhiteTitle "GM"]
[BlackTitle "GM"]
[WhiteElo "2480"]
[BlackElo "2617"]
[WhiteFideId "5005779"]
[BlackFideId "911925"]
[EventDate "2019.08.02"]

1. e4 c5 2. Nf3 d6 3. Bb5+ Bd7 4. Bxd7+ Nxd7 5. O-O Ngf6 6. Qe2 e6 7. c3 Ne5 8.
d4 Nxf3+ 9. Qxf3 d5 10. e5 Nd7 11. Qg4 Qb6 12. Nd2 cxd4 13. cxd4 h5 14. Qf4 g5
15. Qe3 g4 16. Nb3 Nb8 17. Bd2 Nc6 18. Qd3 h4 19. a4 a6 20. Kh1 Rh5 21. f4 Rf5
22. Rfc1 Bh6 23. g3 Ke7 24. Kg2 Rh8 25. a5 Qa7 26. Qe2 Bf8 27. Qxg4 Rfh5 28. Rh1
Ke8 29. Bc3 b5 30. Qf3 b4 31. g4 h3+ 32. Kf2 Rh4 33. Bd2 Nxd4 34. Be3 Bc5 35.
Nxd4 Bxd4 36. Rac1 Kd7 37. Rhg1 Rg8 38. Rce1 Bxe3+ 39. Rxe3 Qd4 40. b3 Qc5 41.
f5 Kc8 42. Qf4 Kb8 43. Kf3 Qb5 44. Kf2 Qxa5 45. fxe6 fxe6 46. Qf6 d4 47. Rd3 Qc5
48. Ke2 Qc2+ 49. Rd2 Qe4+ 50. Kf1 Rhxg4 51. Rxg4 Qxg4 0-1

[Event "26th Abu Dhabi Masters"]
[Site "Abu Dhabi UAE"]
[Date "2019.08.03"]
[Round "2.7"]
[White "Yilmaz, Mustafa"]
[Black "Costachi, Mihnea"]
[Result "1-0"]
[WhiteTitle "GM"]
[BlackTitle "IM"]
[WhiteElo "2614"]
[BlackElo "2471"]
[WhiteFideId "6302718"]
[BlackFideId "1217518"]
[EventDate "2019.08.02"]

1. d4 d5 2. c4 c6 3. Nf3 Nf6 4. Nc3 a6 5. e3 Bf5 6. Bd2 h6 7. Qb3 Ra7 8. cxd5
cxd5 9. Ne5 e6 10. Rc1 Nbd7 11. Bb5 Bd6 12. Bxd7+ Nxd7 13. Nxd7 Kxd7 14. Na4 b5
15. Nc5+ Ke7 16. h3 Re8 17. O-O Kf8 18. Rfd1 Kg8 19. a4 bxa4 20. Qxa4 Qe7 21.
Bb4 Rc8 22. Ba3 Kh7 23. Rc3 g5 24. f3 Bg6 25. e4 e5 26. exd5 exd4 27. Qxd4 Be5
28. Qd2 Bxc3 29. Qxc3 Qd6 30. Qd4 Qf4 31. Qxf4 gxf4 32. d6 Bf5 33. Rd4 a5 34.
Rxf4 Kg6 35. Kf2 Rd8 36. Rd4 Bd7 37. Ke3 Raa8 38. Kf4 Rab8 39. g4 Rb5 40. h4 Kg7
41. h5 Bc6 42. Rd3 Bd7 43. Nb3 Kf6 44. Nd2 Bc6 45. Rc3 Bd5 46. Rc7 Kg7 47. Nb1
Be6 48. Nc3 Rbb8 49. Ra7 Ra8 50. Re7 Rd7 51. Ke5 Rb8 52. Ne4 Rb5+ 53. Nc5 Rxe7
54. dxe7 Bd7 55. Kd6 Be8 56. Kc7 f6 57. Ne4 Re5 58. Kd8 Bc6 59. Nd6 Bxf3 60.
e8=Q Rxe8+ 61. Nxe8+ Kf7 62. Be7 Bxg4 63. Nxf6 Bf3 64. Nd7 Bxh5 65. Bf8 Kg6 66.
Ne5+ Kg5 67. Ke7 a4 68. Ke6 Be8 69. Ke7 Bh5 70. Nf7+ Bxf7 71. Kxf7 h5 72. Ke6
Kf4 73. Kd5 Ke3 74. Kc4 Kd2 75. Kd4 Ke2 76. Ke4 Kf2 77. Kf4 h4 78. Kg4 a3 79.
Bxa3 h3 80. Kxh3 1-0

[Event "26th Abu Dhabi Masters"]
[Site "Abu Dhabi UAE"]
[Date "2019.08.03"]
[Round "2.8"]
[White "Vignesh, N R"]
[Black "Bartel, Mateusz"]
[Result "1/2-1/2"]
[WhiteTitle "IM"]
[BlackTitle "GM"]
[WhiteElo "2466"]
[BlackElo "2612"]
[WhiteFideId "25012215"]
[BlackFideId "1112635"]
[EventDate "2019.08.02"]

1. e4 e5 2. Nf3 Nc6 3. Bc4 Nf6 4. d3 Be7 5. O-O O-O 6. Re1 d6 7. a4 a5 8. c3 Be6
9. Nbd2 Nd7 10. d4 exd4 11. Nxd4 Bxc4 12. Nxc6 bxc6 13. Nxc4 Bf6 14. Bf4 Re8 15.
Qc2 Qe7 16. Re3 Qe6 17. b3 Qg4 18. Bg3 Qg6 19. Rae1 h5 20. h3 Nc5 21. Nxa5 h4
22. Bh2 Nxa4 23. Nxc6 Nxc3 24. Be5 Bxe5 25. Nxe5 Rxe5 26. Rxc3 c5 27. f4 Re7 28.
e5 Qxc2 29. Rxc2 Rb8 30. Kf2 Rb4 31. Rc4 Rxb3 32. exd6 Rxe1 33. Kxe1 Rd3 34.
Rxc5 Rxd6 35. Rh5 g6 36. Rxh4 Rd4 37. Rg4 Kg7 38. g3 f6 39. Kf2 Rd5 40. Kf3 1/2-1/2

[Event "26th Abu Dhabi Masters"]
[Site "Abu Dhabi UAE"]
[Date "2019.08.03"]
[Round "2.9"]
[White "Karthikeyan, Murali"]
[Black "Krishna, C R G"]
[Result "1/2-1/2"]
[WhiteTitle "GM"]
[BlackTitle "IM"]
[WhiteElo "2612"]
[BlackElo "2444"]
[WhiteFideId "5074452"]
[BlackFideId "5018625"]
[EventDate "2019.08.02"]

1. e4 e6 2. d4 d5 3. Nc3 Bb4 4. e5 c5 5. a3 Bxc3+ 6. bxc3 Ne7 7. Bd3 Qa5 8. Bd2
c4 9. Be2 Qa4 10. h4 Nbc6 11. Nf3 Bd7 12. h5 h6 13. Nh4 O-O-O 14. g4 Rdf8 15. f4
g6 16. Be3 Be8 17. Kd2 a6 18. Qb1 Qa5 19. Qb2 gxh5 20. gxh5 f5 21. Rab1 Qc7 22.
a4 Rfg8 23. Qa3 Rg7 24. Rbg1 Rhg8 25. Qa1 Nd8 26. Rxg7 Rxg7 27. Rg1 Nec6 28. Ng6
Ne7 29. Nf8 Rf7 30. Ng6 Rg7 31. Nxe7+ Qxe7 32. Rxg7 Qxg7 33. Qa3 Qg2 34. Qc5+
Kd7 35. Qd6+ Kc8 36. Qc5+ 1/2-1/2

[Event "26th Abu Dhabi Masters"]
[Site "Abu Dhabi UAE"]
[Date "2019.08.03"]
[Round "2.10"]
[White "Gaponenko, Inna"]
[Black "Aravindh, Chithambaram VR."]
[Result "1/2-1/2"]
[WhiteTitle "IM"]
[BlackTitle "GM"]
[WhiteElo "2446"]
[BlackElo "2607"]
[WhiteFideId "14101181"]
[BlackFideId "5072786"]
[EventDate "2019.08.02"]

1. e4 c5 2. c3 d5 3. exd5 Qxd5 4. d4 Nf6 5. Nf3 Nc6 6. Be2 e6 7. O-O cxd4 8.
cxd4 Be7 9. Nc3 Qd6 10. Nb5 Qd8 11. Bf4 Nd5 12. Bg3 O-O 13. Bc4 a6 14. Bxd5 exd5
15. Nc7 Rb8 16. Ne5 Bd6 17. Nxd5 Be6 18. Ne3 f5 19. f4 Qb6 20. N3c4 Bxc4 21.
Nxc4 Qb4 22. Nxd6 Rbd8 23. Nxb7 Qxb7 24. Qb3+ Qxb3 25. axb3 Nxd4 26. Be1 Rfe8
27. Bc3 Ne2+ 28. Kh1 Nxc3 29. bxc3 Rd3 30. Rxa6 Rxc3 31. Ra5 Rxb3 32. Rxf5 Rb4
33. h3 Ree4 34. Kh2 g6 35. Ra5 Rxf4 36. Ra8+ Kg7 37. Ra7+ Kh6 38. Rxf4 Rxf4 39.
Kh1 Re4 1/2-1/2

[Event "26th Abu Dhabi Masters"]
[Site "Abu Dhabi UAE"]
[Date "2019.08.03"]
[Round "2.11"]
[White "Zubov, Alexander"]
[Black "Lee, Jun Hyeok"]
[Result "1-0"]
[WhiteTitle "GM"]
[BlackTitle "FM"]
[WhiteElo "2607"]
[BlackElo "2437"]
[WhiteFideId "14109409"]
[BlackFideId "13202340"]
[EventDate "2019.08.02"]

1. d4 Nf6 2. c4 e5 3. dxe5 Ng4 4. Bf4 Nc6 5. Nc3 Ngxe5 6. e3 g6 7. Nd5 Bg7 8.
Qd2 d6 9. Rd1 Bf5 10. Be2 O-O 11. b3 Be4 12. Nf3 Bxf3 13. gxf3 Qd7 14. Bh6 Qh3
15. Bxg7 Kxg7 16. Qb2 f6 17. Kd2 Rac8 18. Kc1 a5 19. Rhg1 Qxh2 20. Rdf1 Nb4 21.
Nxb4 axb4 22. f4 Nd7 23. Bf3 Nc5 24. Qe2 Qh3 25. Bg4 Qh2 26. Rh1 Qg2 27. Bf3 1-0

[Event "26th Abu Dhabi Masters"]
[Site "Abu Dhabi UAE"]
[Date "2019.08.03"]
[Round "2.12"]
[White "Akash Pc, Iyer"]
[Black "Tabatabaei, M.amin"]
[Result "1/2-1/2"]
[WhiteTitle "IM"]
[BlackTitle "GM"]
[WhiteElo "2443"]
[BlackElo "2601"]
[WhiteFideId "5006775"]
[BlackFideId "12521213"]
[EventDate "2019.08.02"]

1. d4 d5 2. c4 c6 3. Nc3 Nf6 4. Nf3 e6 5. e3 Nbd7 6. Qc2 Bd6 7. g4 h6 8. Rg1 e5
9. cxd5 cxd5 10. h4 e4 11. Nd2 g5 12. hxg5 hxg5 13. f3 Qc7 14. Kd1 Nf8 15. Nb5
Qe7 16. Be2 exf3 17. Bxf3 Rh4 18. e4 Bh2 19. Re1 Bg3 20. e5 Nxg4 21. Nc7+ Kd8
22. Nxd5 Nf2+ 23. Ke2 Ne6 24. Nb3 Qd7 25. Kf1 Rh2 26. Qf5 Nh3 27. Qf6+ Ke8 28.
Qh8+ Nf8 29. Nf6+ Ke7 30. Nd5+ Ke8 31. Nf6+ Ke7 32. Nd5+ 1/2-1/2

[Event "26th Abu Dhabi Masters"]
[Site "Abu Dhabi UAE"]
[Date "2019.08.03"]
[Round "2.13"]
[White "Socko, Monika"]
[Black "Bai, Jinshi"]
[Result "1/2-1/2"]
[WhiteTitle "GM"]
[BlackTitle "GM"]
[WhiteElo "2436"]
[BlackElo "2599"]
[WhiteFideId "1106619"]
[BlackFideId "8602280"]
[EventDate "2019.08.02"]

1. e4 c6 2. d4 d5 3. exd5 cxd5 4. Bd3 Nc6 5. c3 e6 6. Nf3 Bd6 7. O-O Nf6 8. Bg5
Qb6 9. Qc2 Ne4 10. Bxe4 dxe4 11. Qxe4 Qxb2 12. Nbd2 Na5 13. c4 f5 14. Qh4 O-O
15. a4 Bd7 16. Rfb1 Qc3 17. Rc1 Qb4 18. Rcb1 Qc3 19. Rc1 Qb4 20. Rcb1 1/2-1/2

[Event "26th Abu Dhabi Masters"]
[Site "Abu Dhabi UAE"]
[Date "2019.08.03"]
[Round "2.14"]
[White "Aditya, Mittal"]
[Black "Abdusattorov, Nodirbek"]
[Result "0-1"]
[WhiteTitle "IM"]
[BlackTitle "GM"]
[WhiteElo "2429"]
[BlackElo "2594"]
[WhiteFideId "35042025"]
[BlackFideId "14204118"]
[EventDate "2019.08.02"]

1. d4 Nf6 2. c4 e6 3. Nc3 Bb4 4. e3 O-O 5. Bd3 d5 6. Nf3 c5 7. O-O dxc4 8. Bxc4
b6 9. Qe2 Bb7 10. dxc5 Bxc3 11. bxc3 bxc5 12. Bd3 Nbd7 13. e4 c4 14. Bc2 Qa5 15.
Rb1 Bc6 16. Qxc4 Rac8 17. Qe2 Qxc3 18. Bb2 Bb5 19. Qxb5 Qxc2 20. Bxf6 Nxf6 21.
e5 Nd5 22. Qb2 Qa4 23. Rfc1 h6 24. h3 Rfd8 25. Rxc8 Rxc8 26. Qb3 Qe4 27. Re1 Qc2
28. Nd4 Qc5 29. Nf3 a5 30. Nd2 Qb4 31. Nf3 Rc3 32. Qxb4 axb4 33. Re2 g5 34. Rb2
Kg7 35. Nd4 Rc1+ 36. Kh2 Rc4 37. Nb5 Kg6 38. Nd6 Rc3 39. Nb5 Rc1 40. Nd6 h5 41.
g3 Rc3 42. Kg2 h4 43. Ne4 Ra3 44. Nf6 Nxf6 45. exf6 hxg3 46. fxg3 Ra4 47. Rf2 e5
48. Kg1 Ra6 49. Kg2 Rxf6 50. Rb2 Ra6 51. g4 Ra4 52. Kf3 f6 53. Rc2 Ra3+ 54. Kg2
Kf7 55. Rb2 Ra4 56. Rc2 Ke6 57. Rc6+ Kd5 58. Rxf6 Rxa2+ 59. Kg3 b3 60. Rb6 b2
61. h4 Kc4 62. hxg5 Ra3+ 63. Kh4 Rb3 64. Rc6+ Kd5 0-1

[Event "26th Abu Dhabi Masters"]
[Site "Abu Dhabi UAE"]
[Date "2019.08.03"]
[Round "2.18"]
[White "Jobava, Baadur"]
[Black "Agmanov, Zhandos"]
[Result "1-0"]
[WhiteTitle "GM"]
[BlackTitle "IM"]
[WhiteElo "2584"]
[BlackElo "2402"]
[WhiteFideId "13601520"]
[BlackFideId "13708309"]
[EventDate "2019.08.02"]

1. d4 Nf6 2. c4 e6 3. Nc3 Bb4 4. e3 d5 5. cxd5 exd5 6. Bd3 O-O 7. Ne2 Re8 8. Bd2
Bd6 9. Rc1 c6 10. f3 Nh5 11. Kf2 f5 12. h4 Be6 13. Qb3 b6 14. Qa4 a6 15. Qc2 g6
16. Na4 a5 17. Qb3 Bc7 18. g3 Bf7 19. Nf4 Nxf4 20. gxf4 h5 21. Qc2 Qf6 22. Nc3
Bd6 23. Rcg1 Kh7 24. Rg5 Be6 25. Rhg1 Rg8 26. e4 Bxf4 27. e5 Bxe5 28. dxe5 Qxe5
29. Ne2 Qh2+ 30. R1g2 Qxh4+ 31. Kg1 Nd7 32. Rh2 1-0

[Event "26th Abu Dhabi Masters"]
[Site "Abu Dhabi UAE"]
[Date "2019.08.03"]
[Round "2.20"]
[White "Yakubboev, Nodirbek"]
[Black "Divya, Deshmukh"]
[Result "1-0"]
[WhiteTitle "GM"]
[BlackTitle "WIM"]
[WhiteElo "2574"]
[BlackElo "2360"]
[WhiteFideId "14203987"]
[BlackFideId "35006916"]
[EventDate "2019.08.02"]

1. Nf3 Nf6 2. c4 g6 3. Nc3 d5 4. cxd5 Nxd5 5. e4 Nxc3 6. dxc3 Qxd1+ 7. Kxd1 f6
8. Be3 e5 9. Nd2 Be6 10. Bc4 Bxc4 11. Nxc4 Nd7 12. b4 b5 13. Na5 Nb6 14. Kc2 Bd6
15. Rhd1 Kf7 16. Kb3 Ke6 17. Rd3 f5 18. f3 f4 19. Bf2 g5 20. Nc6 Rhc8 21. Rad1
Bf8 22. h4 gxh4 23. Nd8+ Kf6 24. Bxh4+ Kg6 25. Nc6 Re8 26. Rd8 Nc4 27. Rxe8 Rxe8
28. Nxa7 Ne3 29. Rg1 c5 30. Nxb5 Kf7 31. g4 Re6 32. g5 cxb4 33. cxb4 Rc6 34. Bf2
Nc4 35. Rd1 Be7 36. a4 Ne3 37. Rd3 Nc2 38. Bc5 Bxc5 39. bxc5 Ne1 40. Rc3 Kg6 41.
Kc4 Ra6 42. Kd5 Ng2 43. c6 Ne3+ 44. Kxe5 1-0

[Event "26th Abu Dhabi Masters"]
[Site "Abu Dhabi UAE"]
[Date "2019.08.03"]
[Round "2.25"]
[White "Senthil, Maran K"]
[Black "Shevchenko, Kirill"]
[Result "1-0"]
[BlackTitle "GM"]
[WhiteElo "2222"]
[BlackElo "2556"]
[WhiteFideId "25035681"]
[BlackFideId "14129574"]
[EventDate "2019.08.02"]

1. d4 Nf6 2. c4 g6 3. g3 Bg7 4. Bg2 O-O 5. Nf3 d6 6. O-O Nbd7 7. Qc2 c6 8. Nc3
e5 9. e4 Qc7 10. h3 Re8 11. Be3 a5 12. Rad1 b5 13. c5 dxc5 14. dxe5 Nxe5 15.
Nxe5 Qxe5 16. Bf4 Qe7 17. Bd6 Qb7 18. e5 Nd7 19. f4 c4 20. Ne4 Qb6+ 21. Kh2 Ra7
22. f5 gxf5 23. Rxf5 h6 24. Rdf1 Nxe5 25. Bc5 Qd8 26. Nf6+ Bxf6 27. Rxf6 Rd7 28.
Rxh6 Rd3 29. Qc1 Rd2 30. Rf2 Rxf2 31. Bxf2 Re6 32. Rxe6 Bxe6 33. Qh6 Ng6 34.
Bxc6 Qf6 35. Qd2 Bxh3 36. Kxh3 Qxc6 37. Qd8+ Kh7 38. Bd4 Qh1+ 39. Kg4 Qe4+ 40.
Kg5 Ne5 41. Kf6 1-0

[Event "26th Abu Dhabi Masters"]
[Site "Abu Dhabi UAE"]
[Date "2019.08.03"]
[Round "2.29"]
[White "Soham, Kamotra"]
[Black "Iniyan, P"]
[Result "1/2-1/2"]
[BlackTitle "GM"]
[WhiteElo "2061"]
[BlackElo "2517"]
[WhiteFideId "46647490"]
[BlackFideId "25002767"]
[EventDate "2019.08.02"]

1. c4 e5 2. g3 f5 3. Bg2 Nf6 4. Nc3 Nc6 5. e3 e4 6. d3 Bb4 7. Ne2 Ne5 8. dxe4
Nxe4 9. Qc2 Bxc3+ 10. Nxc3 Nc5 11. O-O O-O 12. Rd1 d6 13. b4 Ne6 14. c5 a5 15.
cxd6 axb4 16. Nd5 cxd6 17. Nxb4 Kh8 18. Bb2 Qb6 19. Nd5 Qc5 20. Qxc5 Nxc5 21.
Nb6 Ra6 22. Nxc8 Rxc8 23. Rac1 Raa8 24. Bxe5 dxe5 25. Rd5 Na4 26. Rxc8+ Rxc8 27.
Rxe5 Rc1+ 28. Bf1 g6 29. Re8+ Kg7 30. Re7+ Kh6 31. Rxb7 Rc2 32. Kg2 Rxa2 33. Bc4
Rb2 34. Rxb2 Nxb2 35. Bb5 Nd1 36. Kf1 Kg5 37. Bc6 Nb2 38. Ke2 Nc4 39. Bd5 Nb6
40. Bb3 Nd7 41. h4+ Kf6 42. Bc2 h6 43. Kd2 g5 44. f4 Nf8 45. Kd3 gxf4 46. exf4
Ne6 47. Kc4 Ng7 48. Bd1 Ne6 49. Be2 Ng7 50. Kd5 Ne6 51. Bd1 Ng7 52. Be2 Ne6 53.
Bd3 Ng7 54. Be2 1/2-1/2

[Event "26th Abu Dhabi Masters"]
[Site "Abu Dhabi UAE"]
[Date "2019.08.03"]
[Round "2.31"]
[White "Ni, Hua"]
[Black "Srijit, Paul"]
[Result "1-0"]
[WhiteTitle "GM"]
[WhiteElo "2668"]
[BlackElo "2304"]
[WhiteFideId "8601160"]
[BlackFideId "5094798"]
[EventDate "2019.08.02"]

1. d4 f5 2. Bf4 Nf6 3. e3 e6 4. Be2 b6 5. Nh3 Bb7 6. O-O Be7 7. c4 O-O 8. Nc3
Ne4 9. Nxe4 Bxe4 10. d5 g5 11. Bg3 g4 12. f3 gxh3 13. fxe4 Bc5 14. exf5 Bxe3+
15. Kh1 exf5 16. Bd3 hxg2+ 17. Kxg2 Qg5 18. h4 Qg7 19. Bxf5 Na6 20. Qh5 Qxb2+
21. Kh3 Rf7 22. Be6 1-0

[Event "26th Abu Dhabi Masters"]
[Site "Abu Dhabi UAE"]
[Date "2019.08.03"]
[Round "2.34"]
[White "Petrov, Nikita"]
[Black "Bhambure, Shantanu"]
[Result "1-0"]
[WhiteTitle "GM"]
[WhiteElo "2595"]
[BlackElo "2288"]
[WhiteFideId "4101286"]
[BlackFideId "5025931"]
[EventDate "2019.08.02"]

1. c4 e6 2. Nf3 Nf6 3. g3 d5 4. Bg2 dxc4 5. Qa4+ Bd7 6. Qxc4 c5 7. Ne5 Qc8 8.
Qd3 Nc6 9. Nxd7 Nxd7 10. Qb5 Nd4 11. Qa4 Be7 12. Nc3 O-O 13. d3 Nb6 14. Qd1 Rd8
15. b3 Nd5 16. Bd2 Qd7 17. O-O Rac8 18. Rc1 b6 19. Ne4 h6 20. Re1 f5 21. Nc3 Nf6
22. Nb1 e5 23. Bc3 Qe6 24. Nd2 e4 25. e3 Nb5 26. Bxf6 Bxf6 27. dxe4 fxe4 28. Qc2
Bc3 29. Red1 Bxd2 30. Rxd2 Rxd2 31. Qxd2 c4 32. Bf1 Nd6 33. bxc4 Nxc4 34. Qb4
Ne5 35. Rxc8+ Qxc8 36. Qxe4 Qc7 37. f4 Nd7 38. Qe7 Qc8 39. Qe6+ Kh8 40. Bc4 Qd8
41. e4 Nf6 42. Bd5 Qf8 43. Kg2 Qc5 44. Kh3 a5 45. a4 Qc1 46. e5 Nxd5 47. Qxd5
Qf1+ 48. Kh4 Qf2 49. h3 Qe2 50. e6 Kh7 51. Qf5+ Kh8 52. Qf8+ Kh7 53. Qf5+ Kh8
54. g4 Qe1+ 55. Kh5 Qe3 56. Kg6 Qa3 57. Qf7 Qd3+ 58. f5 1-0

[Event "26th Abu Dhabi Masters"]
[Site "Abu Dhabi UAE"]
[Date "2019.08.03"]
[Round "2.46"]
[White "Siva, Mahadevan"]
[Black "Kryvoruchko, Yuriy"]
[Result "1/2-1/2"]
[WhiteTitle "IM"]
[BlackTitle "GM"]
[WhiteElo "2270"]
[BlackElo "2686"]
[WhiteFideId "25043153"]
[BlackFideId "14109182"]
[EventDate "2019.08.02"]

1. e4 e5 2. Nf3 Nc6 3. Bb5 a6 4. Bxc6 dxc6 5. O-O f6 6. d4 Bg4 7. c3 Bd6 8. Be3
Ne7 9. Nbd2 O-O 10. Qb3+ Kh8 11. Qxb7 Be6 12. c4 Rb8 13. Qxa6 Ra8 14. Qb7 Rb8
15. Qa6 Ra8 16. Qb7 Rb8 1/2-1/2

[Event "26th Abu Dhabi Masters"]
[Site "Abu Dhabi UAE"]
[Date "2019.08.03"]
[Round "2.47"]
[White "Onischuk, Vladimir"]
[Black "Salih, Akar Ali Salih"]
[Result "1-0"]
[WhiteTitle "GM"]
[BlackTitle "FM"]
[WhiteElo "2640"]
[BlackElo "2274"]
[WhiteFideId "14114038"]
[BlackFideId "4800575"]
[EventDate "2019.08.02"]

1. e4 e5 2. Nf3 Nc6 3. Bb5 a6 4. Ba4 Nf6 5. O-O b5 6. Bb3 Be7 7. Re1 O-O 8. h3
d6 9. c3 Nb8 10. d3 Nbd7 11. Nbd2 Bb7 12. Nf1 Re8 13. Ng3 Bf8 14. Nh2 Nc5 15.
Bc2 d5 16. Qf3 h6 17. Nf5 Kh7 18. Ng4 Nxg4 19. hxg4 dxe4 20. dxe4 Qf6 21. g5
hxg5 22. Qh5+ Kg8 23. Bxg5 Qc6 24. Re3 Qg6 25. Qh4 Qh7 26. Qg4 Qg6 27. Rg3 Ne6
28. Qh4 Qh7 29. Bh6 Kh8 30. Rd1 gxh6 31. Qf6+ Bg7 32. Nxg7 Nxg7 33. Rd7 Rf8 34.
Rxc7 Bc8 35. Bb3 h5 36. Rg5 a5 37. Bd5 Ra6 1-0

[Event "26th Abu Dhabi Masters"]
[Site "Abu Dhabi UAE"]
[Date "2019.08.03"]
[Round "2.48"]
[White "Ter-Sahakyan, Samvel"]
[Black "Priyanka, Nutakki"]
[Result "1-0"]
[WhiteTitle "GM"]
[BlackTitle "WIM"]
[WhiteElo "2632"]
[BlackElo "2259"]
[WhiteFideId "13302531"]
[BlackFideId "25049615"]
[EventDate "2019.08.02"]

1. e4 e6 2. d4 d5 3. Nc3 Nf6 4. e5 Nfd7 5. f4 c5 6. Nf3 Nc6 7. Be3 Be7 8. Qd2
O-O 9. dxc5 Qa5 10. a3 Bxc5 11. Bxc5 Nxc5 12. O-O-O a6 13. Qe3 Qb6 14. Nd4 Nd7
15. g3 f6 16. exf6 Nxf6 17. Bg2 Bd7 18. Rhe1 Rfe8 19. Nxc6 Qxe3+ 20. Rxe3 Bxc6
21. Bh3 Kf7 22. Ne2 Ne4 23. Nd4 Bd7 24. Bg2 Nf6 25. Nf3 Rac8 26. Bh3 h6 27. Ne5+
Ke7 28. f5 Rc7 29. Nxd7 Kxd7 30. fxe6+ Ke7 31. Bf5 Rec8 32. c3 Rc5 33. Rf3 b5
34. Kc2 a5 35. Kb3 R8c7 36. h4 h5 37. Rf4 Rc4 38. Rdd4 Rxd4 39. Rxd4 Kd6 40. Rf4
Ke5 41. Bh3 Re7 42. Kc2 Ne4 43. Rf3 g6 44. b4 axb4 45. axb4 Rc7 46. Kb2 Re7 47.
Re3 Re8 48. Re1 Re7 49. Rg1 Nf2 50. Bf1 Rxe6 51. Bxb5 Rb6 52. Re1+ Kd6 53. Bf1
Ne4 54. Bd3 Ke5 55. Kb3 Kf5 56. c4 Kg4 57. Bxe4 dxe4 58. Rxe4+ Kxg3 59. c5 Rf6
60. b5 1-0

[Event "26th Abu Dhabi Masters"]
[Site "Abu Dhabi UAE"]
[Date "2019.08.03"]
[Round "2.53"]
[White "Mendonca, Leon Luke"]
[Black "Pujari, Rucha"]
[Result "1-0"]
[WhiteTitle "IM"]
[BlackTitle "WIM"]
[WhiteElo "2401"]
[BlackElo "2232"]
[WhiteFideId "35028561"]
[BlackFideId "5024528"]
[EventDate "2019.08.02"]

1. d4 d5 2. Nf3 c5 3. dxc5 e6 4. e4 Bxc5 5. exd5 Qxd5 6. Qxd5 exd5 7. Nc3 Ne7 8.
Nb5 Na6 9. c3 O-O 10. Be2 Re8 11. O-O Nc6 12. Re1 Bg4 13. Bf4 Re4 14. Bg3 Rd8
15. h3 Bh5 16. Kf1 h6 17. Rad1 Nab8 18. b4 Bf8 19. Bc7 Rd7 20. Bxb8 Nxb8 21.
Nxa7 g5 22. Nb5 Nc6 23. Nfd4 Bg6 24. Bd3 Rxe1+ 25. Kxe1 Bxd3 26. Rxd3 Ne5 27.
Rd1 Nc4 28. a4 Nb2 29. Ra1 Kh7 30. a5 Re7+ 31. Kf1 Nd3 32. Rd1 Nf4 33. Nf5 Rd7
34. g3 Ne6 35. Ne3 d4 36. Nc2 d3 37. Ne3 Kg6 38. Ke1 f5 39. Nc4 Rd5 40. Nba3 Bg7
41. Nb1 f4 42. Nb2 fxg3 43. fxg3 g4 44. h4 Be5 45. Kf2 Kf5 46. Rxd3 Rxd3 47.
Nxd3 Bb8 48. Nd2 Ng7 49. Nc5 Nh5 50. Nde4 Ba7 51. Nd6+ Ke5 52. Nxb7 Kd5 53. Kg2
Nf6 54. a6 Ne8 55. Kf2 Kc4 56. Ke3 Kxc3 57. Kf4 Kxb4 58. Kxg4 Ng7 59. Ne4 Kb5
60. Nbd6+ Kxa6 61. Nf5 Ne6 62. Nxh6 Kb5 63. Nf5 Kc6 64. Nf6 Bb6 65. Ne7+ Kb7 66.
Kf5 Ng7+ 67. Kg6 Ne6 68. g4 Bf2 69. h5 Nf4+ 70. Kf7 Nh3 71. Ne4 Be3 72. Kf6 Bd4+
73. Kf5 Kc7 74. Nf6 Kd6 75. Ned5 Bxf6 76. Kxf6 Nf2 77. Ne3 Ne4+ 78. Kg6 Ke6 79.
h6 Nf6 80. g5 Nd7 81. Kg7 Ne5 82. h7 Nf7 83. g6 1-0